[Event "European Ind w 2012"]
[Site "Gaziantep TUR"]
[Date "2012.03.06"]
[Round "5"]
[White "Dworakowska,J"]
[Black "Mkrtchian,L"]
[Result "0-1"]
[WhiteElo "2304"]
[BlackElo "2458"]

1.e4 c5 2.Nf3 e6 3.d4 cxd4 4.Nxd4 Nc6 5.Nc3 Qc7 6.g3 a6 7.Bg2 Nf6 8.O-O d6
9.Re1 Nd7 10.Nxc6 bxc6 11.Na4 Bb7 12.c4 c5 13.f4 Be7 14.Bd2 Bf6 15.Bc3 Bxc3
16.Nxc3 O-O 17.Qd2 Rad8 18.Rf1 Nb6 19.b3 Qe7 20.Rad1 f6 21.Rf3 Rd7 22.Rd3 Rfd8
23.g4 e5 24.g5 exf4 25.Bh3 f5 26.Bxf5 Qxg5+ 27.Rg3 Qf6 28.Rh3 Rf7 29.Bxh7+ Kf8
30.Bf5 g6 31.Bg4 Kg7 32.Kf1 Qe5 33.Qe1 Rh8 34.Rxh8 Kxh8 35.Qh4+ Kg7 36.Rd3 f3
37.Bxf3 Rf4 38.Qe1 Nd7 39.Kg1 Qg5+ 40.Bg2 Ne5 41.Rg3 Rg4 42.Nd5 Bxd5 43.exd5 Qh4
44.Qe3 Rd4 45.Bf3 Rd2 46.Rg2 Rd3 47.Rxg6+ Kf7 48.Rh6 Rxe3 49.Rxh4 Rxf3 50.Rh7+ Kf6
51.Ra7 Ng4 52.Rxa6 Ke5 53.Ra8 Ne3 54.h4 Kf4 55.Rf8+ Nf5 56.Kg2 Rd3 57.Kf1 Rh3
58.Rh8 Kf3 59.Ke1 Rh1+ 60.Kd2 Rh2+ 61.Kc3 Rxa2 62.h5 Ne3 63.h6 Nd1+ 64.Kd3 Nf2+
65.Kc3 Ne4+  0-1

[Event "Reykjavik Open"]
[Site "Reykjavik ISL"]
[Date "2012.03.06"]
[Round "1.3"]
[White "Lee,Ka"]
[Black "Kryvoruchko,Y"]
[Result "0-1"]
[WhiteElo "2093"]
[BlackElo "2666"]

1.e4 c5 2.Nf3 Nc6 3.d4 cxd4 4.Nxd4 e6 5.Nc3 Qc7 6.g3 a6 7.Bg2 d6 8.O-O Bd7
9.Re1 Be7 10.Nxc6 Bxc6 11.Qg4 h5 12.Qe2 Nf6 13.Bf4 Ng4 14.Bf3 Ne5 15.Bxe5 dxe5
16.Bxh5 Bc5 17.Rad1 Qb6 18.Qf3 O-O 19.b3 g6 20.Qf6 Bxf2+ 21.Qxf2 Qxf2+ 22.Kxf2 gxh5
23.Rd6 Rfc8 24.Re3 Kf8 25.a4 Ke7 26.Rd2 Rg8 27.Na2 Rad8 28.Rxd8 Rxd8 29.Nb4 Rd2+
30.Kf3 Rxh2 31.Rc3 Kd6 32.Nxc6 bxc6 33.b4 h4 34.Rd3+ Kc7 35.gxh4 Rxh4 36.Rd2 Rh3+
37.Kg4 Re3 38.Kg5 Rxe4 39.Kf6 Rxb4 40.Kxf7 Rxa4 41.Kxe6 e4 42.Re2 Rc4  0-1

[Event "PriFO Champ RUS 2012"]
[Site "Tolyatti RUS"]
[Date "2012.03.06"]
[Round "9.6"]
[White "Pasiev,R"]
[Black "Voitsekhovsky,S"]
[Result "1-0"]
[WhiteElo "2312"]
[BlackElo "2549"]

1.e4 c5 2.Nc3 e6 3.Nf3 Nc6 4.d4 cxd4 5.Nxd4 Qc7 6.Be3 a6 7.f4 b5 8.a3 Nxd4
9.Qxd4 Bb7 10.Be2 Rc8 11.Bf3 Ne7 12.Rd1 Ng6 13.O-O e5 14.fxe5 Nxe5 15.Nd5 Bxd5
16.Qxd5 Bc5 17.Bd4 Bxd4+ 18.Rxd4 O-O 19.c3 Nc4 20.Rf2 d6 21.Be2 Nxb2 22.Bg4 Nc4
23.Bxc8 Qxc8 24.a4 Nb6 25.Qxd6 Nxa4 26.c4 h6 27.Rc2 a5 28.c5 b4 29.c6 Nc3
30.c7 Re8 31.Qd7 Kh7 32.Qxf7 Rf8 33.Qe7 Re8 34.Qc5 Qg4 35.h3 Qg3 36.Qf5+  1-0

[Event "44th Belgrade WGM"]
[Site "Belgrade SRB"]
[Date "2012.03.07"]
[Round "5.3"]
[White "Dizdarevic,B"]
[Black "Miladinovic,L"]
[Result "0-1"]
[WhiteElo "2042"]
[BlackElo "2060"]

1.e4 c5 2.Nf3 e6 3.d4 cxd4 4.Nxd4 Nc6 5.Nc3 Qc7 6.Be3 Nf6 7.Qf3 a6 8.O-O-O d6
9.Be2 Be7 10.Rhg1 O-O 11.g4 Ne5 12.Qg3 b5 13.f4 Nc4 14.g5 Nd7 15.f5 Nxe3
16.Qxe3 b4 17.Nb1 e5 18.Nb3 Bb7 19.f6 Rfc8 20.Bd3 Bf8 21.Qf2 a5 22.Rdf1 g6
23.h4 a4 24.Na1 Nc5 25.Rd1 Nxd3+ 26.Rxd3 Bxe4 27.Rh3 d5 28.Qe2 Bf5 29.Rh2 d4
30.Qg2 Rab8 31.b3 axb3 32.axb3 Ra8 33.h5 Rxa1 34.hxg6 Bxg6 35.Rgh1 Ra2 36.Nc3 Qxc3  0-1

[Event "28th Cappelle Open"]
[Site "Cappelle la Grande FRA"]
[Date "2012.03.07"]
[Round "6.24"]
[White "Radulski,J"]
[Black "Kolosowski,M"]
[Result "1-0"]
[WhiteElo "2552"]
[BlackElo "2439"]

1.e4 c5 2.Nf3 e6 3.d4 cxd4 4.Nxd4 Nc6 5.Nc3 Qc7 6.g3 a6 7.Bg2 Nf6 8.O-O Bc5
9.Nb3 Ba7 10.Kh1 h5 11.Bf4 Ne5 12.Bxe5 Qxe5 13.f4 Qc7 14.e5 Ng4 15.Ne4 Ne3
16.Nd6+ Kf8 17.Qd2 h4 18.gxh4 Qd8 19.Rf3 Ng4 20.Raf1 Rxh4 21.h3 g6 22.Nd4 Rb8
23.Rg3 f5 24.N6xf5  1-0

[Event "European Ind w 2012"]
[Site "Gaziantep TUR"]
[Date "2012.03.07"]
[Round "6"]
[White "Videnova,I"]
[Black "Bojkovic,N"]
[Result "1/2-1/2"]
[WhiteElo "2301"]
[BlackElo "2395"]

1.e4 c5 2.Nf3 e6 3.d4 cxd4 4.Nxd4 Nc6 5.Nc3 d6 6.Be2 Nf6 7.O-O Be7 8.Be3 O-O
9.Kh1 Bd7 10.f4 Nxd4 11.Qxd4 Bc6 12.a4 a6 13.Bf3 Rc8 14.Qd2 b5 15.Qd3 b4
16.Ne2 Qc7 17.Nd4 Bb7 18.Rfc1 Qb8 19.Ne2 Qa8 20.Ng3 a5 21.Bd4 Rfd8 22.c3 bxc3
23.Rxc3 Rxc3 24.Bxc3 d5 25.e5 Ne4 26.Bd4 g6 27.Qe3 Qc8 28.Rc1 Qd7 29.b3 Rc8
30.Kg1 Ba3 31.Rxc8+ Qxc8 32.Nxe4 dxe4 33.Bxe4 Bc1 34.Qf3 Qd8 35.Bf2 Bxe4
36.Qxe4 Bxf4 37.g3 Bh6 38.Qd4 Qb8 39.Qc3 Bf8 40.Bd4 Bb4 41.Qc4 Kg7 42.Bc3  1/2-1/2

[Event "European Ind w 2012"]
[Site "Gaziantep TUR"]
[Date "2012.03.07"]
[Round "6"]
[White "Pogonina,N"]
[Black "Kursova,M"]
[Result "1-0"]
[WhiteElo "2449"]
[BlackElo "2328"]

1.e4 c5 2.Nf3 e6 3.d4 cxd4 4.Nxd4 Nc6 5.Nc3 Qc7 6.Be3 a6 7.Be2 Nf6 8.O-O d6
9.a4 Be7 10.f4 O-O 11.Kh1 Re8 12.Qd2 Nxd4 13.Bxd4 e5 14.Be3 exf4 15.Bxf4 Be6
16.Rad1 Rad8 17.Qd4 Qc5 18.Bf3 Qc8 19.h3 Rd7 20.Rd2 Red8 21.Rfd1 Rc7 22.Qf2 Ne8
23.Be3 Rc4 24.Bd4 Bf8 25.a5 g6 26.Nd5 Bxd5 27.exd5 Bg7 28.Bb6 Rd7 29.c3 Re7
30.Rf1 Nf6 31.Re2 Qf8 32.Rxe7 Qxe7 33.Re1 Qf8 34.Bd4 Nd7 35.Qe2 Rc7 36.Bb6 Nxb6
37.axb6 Rd7 38.Qe8 Qxe8 39.Rxe8+ Bf8 40.Rc8 Re7 41.b4 f5 42.c4 Kf7 43.c5 dxc5
44.bxc5 Re1+ 45.Kh2 Rc1 46.Rxf8+ Kxf8 47.c6 Rb1 48.c7 Rc1 49.d6 Ke8 50.Bxb7 Kd7
51.Bxa6 Kxd6 52.c8=Q  1-0

[Event "European Ind w 2012"]
[Site "Gaziantep TUR"]
[Date "2012.03.07"]
[Round "6"]
[White "Seps,M"]
[Black "Zawadzka,J"]
[Result "0-1"]
[WhiteElo "2208"]
[BlackElo "2358"]

1.e4 c5 2.Nf3 e6 3.d4 cxd4 4.Nxd4 Nc6 5.Nc3 Qc7 6.Nb1 Qd8 7.Nc3 Qc7 8.f4 a6
9.Nxc6 Qxc6 10.Bd3 b5 11.Qe2 Bb7 12.Bd2 Rc8 13.O-O-O b4 14.Nd5 Qa4 15.Nb6 Qxa2
16.Be3 Rc6 17.Nxd7 Bd6 18.Ne5 Bxe5 19.fxe5 Qa1+ 20.Kd2 Qxb2 21.Qf2 Qxe5 22.Bd4 Qg5+
23.Ke1 Ne7 24.h4 Qg4 25.Rh3 e5 26.Bxe5 Re6 27.Rg3 Qxh4 28.Bxg7 Rg8 29.e5 Nc6
30.Bf5 Rxg7 31.Bxe6 Qxg3  0-1

[Event "28th Cappelle Open"]
[Site "Cappelle la Grande FRA"]
[Date "2012.03.08"]
[Round "7.24"]
[White "Bijaoui,M"]
[Black "Zakhartsov,Vi"]
[Result "0-1"]
[WhiteElo "2395"]
[BlackElo "2563"]

1.e4 c5 2.Nf3 e6 3.d4 cxd4 4.Nxd4 Nc6 5.Nc3 Qc7 6.Be2 a6 7.O-O Nf6 8.Be3 Bb4
9.Na4 Be7 10.Nxc6 bxc6 11.Nb6 Rb8 12.Nxc8 Qxc8 13.e5 Nd5 14.Bc1 Bc5 15.c4 Ne7
16.b3 Qc7 17.Bb2 d6 18.exd6 Bxd6 19.g3 Be5 20.Bxe5 Qxe5 21.Bf3 c5 22.Qd2 Qc7
23.Be4 O-O 24.Rad1 Rfd8 25.Qc3 h6 26.f4 Rd6 27.Rxd6 Qxd6 28.Rf3 Qd1+ 29.Rf1 Qd6
30.Rf3 Rd8 31.Rd3 Qb6 32.Qd2 Rxd3 33.Qxd3 Qc7 34.Qd2 a5 35.Kf2 f5 36.Bf3 Kf7
37.Ke1 Ng8 38.Kd1 Nf6 39.Kc2 Ke7 40.Qe3 Nd7 41.Qc3 Kf7 42.Bh5+ Kf8 43.Bf3 Nf6
44.Qe3 Kf7 45.Qd2 Ke7 46.Qe3 Nd7 47.Qc3 Kf8 48.Qd2 Kf7 49.Bh5+ Ke7 50.Bf3 Kf6
51.Qc3+ Kg6 52.Qd2 e5 53.Qd5 exf4 54.g4 fxg4 55.Bxg4 Nf6 56.Qd3+ Kf7 57.Bf5 Qe5
58.Bg6+ Ke7 59.Qf3 Nd7 60.h4 Qd4 61.h5 Ne5 62.Qb7+ Kf6 63.Qb6+ Kg5 64.Qxa5 f3
65.Qd2+ Qxd2+ 66.Kxd2 Nxg6 67.hxg6 Kf4 68.Ke1 Kg3  0-1

[Event "28th Cappelle Open"]
[Site "Cappelle la Grande FRA"]
[Date "2012.03.08"]
[Round "7.39"]
[White "Gajek,R"]
[Black "Riff,JN"]
[Result "0-1"]
[WhiteElo "2174"]
[BlackElo "2509"]

1.e4 c5 2.Nf3 e6 3.d4 cxd4 4.Nxd4 Nc6 5.Nc3 d6 6.g4 a6 7.Be3 Nge7 8.Be2 b5
9.Qd2 Nxd4 10.Bxd4 Nc6 11.Be3 Bb7 12.O-O-O Rc8 13.Bf4 Ne5 14.f3 Be7 15.Kb1 O-O
16.h4 Qc7 17.a3 Rfd8 18.g5 Nc4 19.Bxc4 Qxc4 20.Qd3 d5 21.Qxc4 Rxc4 22.Rhe1 Rdc8
23.Be5 f6 24.gxf6 gxf6 25.Bd4 dxe4 26.Nxe4 e5 27.Bc3 Bxe4 28.Rxe4 Rxe4 29.fxe4 Rc4
30.Rd7 Kf8 31.Ra7 Rxe4 32.Rxa6 f5 33.Re6 Bxh4 34.Rxe5 Rxe5 35.Bxe5 Kf7 36.Kc1 Ke6
37.Bf4 Kd5 38.Kd2 Ke4 39.Bd6 Kf3 40.b3 Bg5+ 41.Kd3 h5 42.a4 bxa4 43.bxa4 h4
44.a5 h3 45.a6 Be3 46.c4 Ba7 47.c5 f4 48.c6 h2 49.Bb8 h1=Q  0-1

[Event "44th Belgrade WGM"]
[Site "Belgrade SRB"]
[Date "2012.03.09"]
[Round "7.4"]
[White "Imeeva,A"]
[Black "Miladinovic,L"]
[Result "1-0"]
[WhiteElo "2019"]
[BlackElo "2060"]

1.e4 c5 2.Nf3 e6 3.d4 cxd4 4.Nxd4 Nc6 5.Nc3 Qc7 6.Be2 Nf6 7.O-O Be7 8.Be3 O-O
9.Nb3 a6 10.f4 d6 11.Qe1 b5 12.a3 Bb7 13.h3 Rfe8 14.Qg3 Kh8 15.Rae1 Rad8
16.Bd3 b4 17.axb4 Nxb4 18.Bd4 Nc6 19.Bf2 Nb4 20.Nd4 Nxd3 21.cxd3 g6 22.Qe3 Qc5
23.Na4 Qb4 24.Ra1 Rc8 25.Be1  1-0

[Event "European Ind w 2012"]
[Site "Gaziantep TUR"]
[Date "2012.03.09"]
[Round "7"]
[White "Sandu,Mi"]
[Black "Galojan,L"]
[Result "1/2-1/2"]
[WhiteElo "2253"]
[BlackElo "2364"]

1.e4 c5 2.Nf3 e6 3.d4 cxd4 4.Nxd4 Nc6 5.Nc3 Qc7 6.f4 a6 7.Nxc6 Qxc6 8.Bd3 b5
9.Qe2 Bb7 10.Bd2 Bc5 11.O-O-O Ne7 12.a3 O-O 13.Rhf1 f5 14.g4 Rae8 15.gxf5 exf5
16.Rde1 Rc8 17.exf5 Nxf5 18.Be4 Qc7 19.Qd3 Bxe4 20.Rxe4 Qd6 21.Nd5 Qg6 22.Bc3 Kh8
23.Kb1 Rce8 24.Rxe8 Qxe8 25.Re1 Qg6 26.Qe4 h6 27.Nc7 Qb6 28.Nd5 Qg6 29.Nb4 Bxb4
30.Bxb4 Rc8 31.Rd1 Qe6 32.Qd3 d6 33.Bc3 Qg6 34.Re1 Qf7 35.Rg1 Re8 36.Qf3 Rc8
37.Qe4 Kg8 38.h4 d5 39.Qf3 d4 40.Bb4 Nxh4 41.Qe4 Nf5 42.Re1 h5 43.c3 dxc3
44.Bxc3 h4 45.Qg2 Re8 46.Rg1 Re6 47.Be5 Rh6 48.Qg5 Kh7 49.Ka1 Qg6 50.Bxg7 Nxg7
51.Qc5 Qe4 52.f5 h3 53.Qc3 Qe7 54.Rh1 Qh4 55.f6 Qxf6 56.Qxf6 Rxf6 57.Rxh3+ Kg6
58.Ka2 Kf7 59.Kb3 Nf5 60.a4 Ke7 61.axb5 axb5 62.Kb4 Nd6 63.Kc5 Ke6 64.Rh5 Rg6
65.b3 Rf6 66.b4 Kd7 67.Rh7+ Ke6 68.Rh5 Rg6 69.Kc6 Rg2 70.Rh6+ Ke7 71.Rh7+ Ke6
72.Rh6+ Ke5 73.Rh5+ Kd4 74.Rh4+ Ke5 75.Rh5+ Kd4 76.Rh4+ Kc3 77.Kxd6 Kb3 78.Kc5 Rg5+
79.Kc6 Ka4 80.Rf4 Rg6+ 81.Kc5 Rg1 82.Rh4 Rc1+ 83.Kd5 Kb3 84.Rg4 Rc8 85.Rh4 Rc7
86.Rg4 Ka4 87.Rh4 Kb3 88.Rg4 Rc1 89.Rh4 Ka3 90.Rg4 Rb1 91.Kc5 Ka4 92.Rh4  1/2-1/2

[Event "European Ind w 2012"]
[Site "Gaziantep TUR"]
[Date "2012.03.09"]
[Round "7"]
[White "Szczepkowska Horowska,K"]
[Black "Dzagnidze,N"]
[Result "0-1"]
[WhiteElo "2369"]
[BlackElo "2559"]

1.e4 c5 2.Nf3 e6 3.d4 cxd4 4.Nxd4 Nc6 5.Nc3 Qc7 6.Be2 a6 7.O-O Nf6 8.Be3 Bb4
9.Na4 d5 10.Nxc6 bxc6 11.Nb6 Rb8 12.Nxc8 Qxc8 13.c3 Bd6 14.exd5 cxd5 15.Qa4+ Ke7
16.Rab1 Qc7 17.h3 a5 18.Rfe1 Rhc8 19.Bd3 h6 20.Re2 e5 21.Rbe1 e4 22.Bb1 Kf8
23.Qd1 Bc5 24.Rd2 Rb6 25.a3 Qb7 26.b4 Bxe3 27.Rxe3 Rbc6 28.Rc2 Qc7 29.Rd2 axb4
30.axb4 Qe5 31.b5 Rxc3 32.Rxc3 Rxc3 33.Rc2 d4 34.Rxc3 dxc3 35.Qe2 Qd4 36.Kf1 Qb4
37.Bc2 g6 38.Ke1 Kg7 39.Kf1 Qb2 40.Ke1 Kf8 41.Bd1 Nd5 42.Qxb2 cxb2 43.Bc2 f5
44.Kd2 Ke7 45.Bb1 Nf4 46.g3 Nxh3 47.Ke3 Kd6 48.f3 exf3 49.Kxf3 h5 50.Ke3 Kc5
51.Kd3 Kxb5 52.Kc2 Kc4 53.Ba2+ Kd4 54.Bf7 f4  0-1

[Event "European Ind w 2012"]
[Site "Gaziantep TUR"]
[Date "2012.03.09"]
[Round "7"]
[White "Repkova,E"]
[Black "Mkrtchian,L"]
[Result "0-1"]
[WhiteElo "2416"]
[BlackElo "2458"]

1.e4 c5 2.Nf3 e6 3.d4 cxd4 4.Nxd4 Nc6 5.Nc3 Qc7 6.Be2 a6 7.O-O Nf6 8.Be3 Bb4
9.Na4 O-O 10.Nxc6 bxc6 11.Nb6 Rb8 12.Nxc8 Rfxc8 13.Bxa6 Rf8 14.Bd3 Bd6 15.f4 e5
16.f5 Rxb2 17.g4 Qa5 18.g5 Ne8 19.Kh1 Bc5 20.Bd2 Bb4 21.Bc1 Rxa2 22.Rb1 Ra1
23.Rxa1 Qxa1 24.g6 d5 25.gxh7+ Kh8 26.exd5 cxd5 27.Qg4 e4 28.Rg1 Bc5 29.Be3 Qc3
30.Bxc5 Qxc5 31.Bf1 Qxc2 32.Bb5 Qc3 33.Qd1 Nf6 34.Rg3 Qb2 35.Bc6 Rc8 36.Rb3 Qf2
37.Qc1 Rxc6  0-1

[Event "83rd ch-GER 2012"]
[Site "Osterburg GER"]
[Date "2012.03.09"]
[Round "8"]
[White "Tabatt,H"]
[Black "Vatter,H"]
[Result "1/2-1/2"]
[WhiteElo "2296"]
[BlackElo "2309"]

1.e4 c5 2.Nf3 e6 3.d4 cxd4 4.Nxd4 Nc6 5.Nc3 Nf6 6.Ndb5 Bb4 7.Bg5 h6 8.Nd6+ Ke7
9.Nxc8+ Rxc8 10.Bd2 Qb6 11.Bd3 Rhd8 12.O-O d5 13.exd5 Nxd5 14.Qg4 Kf8 15.Rae1 Be7
16.Nxd5 Rxd5 17.Bc3 Rg5 18.Qf3 Bb4 19.h4 Ra5 20.Bg6 Rc7 21.Bxb4+ Nxb4 22.Rd1 Rd5
23.c4 Rxd1 24.Rxd1 Nc6 25.b3 Ne5 26.Qg3 Rd7 27.Rxd7 Nxd7 28.Be4 a5 29.Qc3 Nc5
30.Qd4 Qc7 31.Bc2 b6 32.f4 Ke7 33.Kf2 f6 34.Bg6 Qd6 35.Ke3 Qxd4+ 36.Kxd4 Kd6
37.Bc2 e5+ 38.fxe5+ fxe5+ 39.Kc3 Ne6 40.a3 Nf4 41.Be4 Ne2+ 42.Kd2 Nd4 43.b4 axb4
44.axb4 Ne6 45.Ke3 Nc7 46.Bb7 Ke6 47.Ke4 g6 48.Bc8+ Kd6 49.g4 Ne8 50.c5+ bxc5
51.bxc5+ Kxc5 52.Kxe5 g5 53.Bd7 Nd6 54.h5 Nc4+ 55.Kf6 Kd6 56.Bb5 Ne3 57.Be2 Kd7
58.Kg7 Ke7 59.Kxh6 Kf7 60.Kh7 Kf8 61.h6 Kf7 62.Bf3 Kf8  1/2-1/2

[Event "6th Agzamov Memorial"]
[Site "Tashkent UZB"]
[Date "2012.03.09"]
[Round "4"]
[White "Guseinov,G"]
[Black "Kvon,A"]
[Result "1-0"]
[WhiteElo "2616"]
[BlackElo "2493"]

1.e4 c5 2.Nc3 e6 3.Nf3 Nc6 4.d4 cxd4 5.Nxd4 Qc7 6.g3 a6 7.Bg2 Nf6 8.O-O Be7
9.Re1 Nxd4 10.e5 Nb5 11.exf6 gxf6 12.Nd5 exd5 13.Bxd5 h5 14.c4 Na7 15.Bf4 d6
16.c5 Be6 17.Bxe6 fxe6 18.Rxe6 Qd7 19.Qb3 d5 20.Rae1 Nc6 21.Rd6 Qc8 22.Qxd5 Kf8
23.Ree6 Rh7 24.Rxf6+ Bxf6 25.Rxf6+ Kg7 26.Qg5+ Kh8 27.Rxc6  1-0

[Event "TCh-CAT 2012"]
[Site "Catalunya ESP"]
[Date "2012.03.10"]
[Round "7.5"]
[White "Sanchez Ibern,M"]
[Black "Armengol Comas,J"]
[Result "1-0"]
[WhiteElo "2368"]
[BlackElo "2212"]

1.e4 c5 2.Nc3 Nc6 3.Nge2 e6 4.d4 cxd4 5.Nxd4 Nf6 6.g3 Bc5 7.Nb3 Bb4 8.Bg2 d5
9.Bd2 O-O 10.exd5 exd5 11.Ne2 Bxd2+ 12.Qxd2 Ne4 13.Qc1 Re8 14.O-O Qb6 15.Nf4 Be6
16.Nd3 Rad8 17.Re1 f5 18.Qe3 Qxe3 19.Rxe3 d4 20.Ree1 Bc8 21.Re2 Kf8 22.Rae1 Nf6
23.Rxe8+ Nxe8 24.Bxc6 bxc6 25.Ndc5 Nc7 26.Rd1 Rd5 27.Rxd4 Be6 28.Rxd5 Bxd5
29.Nd4 Bxa2 30.b3 Bb1 31.c4 Ke7 32.f3 Kd6 33.Nb7+ Kd7 34.Kf2 Na6 35.Na5 Nb4
36.Ke3 c5 37.Nb5 a6 38.Nc3 Ba2 39.Na4 Kc7 40.Kd2 Nc6 41.Nxc6 Bxb3 42.Nxc5 Bxc4
43.Nd4 Kd6 44.Nb7+ Ke5 45.Ke3 g5 46.f4+ gxf4+ 47.gxf4+ Kf6 48.Nxf5 Bd5 49.Nfd6 Ke6
50.Ne4 Ke7 51.Kd4  1-0

[Event "TCh-CAT 2012"]
[Site "Catalunya ESP"]
[Date "2012.03.10"]
[Round "7.2"]
[White "Lopez Martinez,Josep"]
[Black "Spraggett,K"]
[Result "1/2-1/2"]
[WhiteElo "2508"]
[BlackElo "2584"]

1.e4 c5 2.Nf3 e6 3.Nc3 Nc6 4.d4 cxd4 5.Nxd4 Qc7 6.Be3 Nf6 7.f4 d6 8.Qf3 Be7
9.O-O-O O-O 10.g4 Nxd4 11.Rxd4 e5 12.Rd2 Bxg4 13.Qg3 Rac8 14.Rg1 g6 15.fxe5 dxe5
16.Bg5 Be6 17.Qh4 Kg7 18.Bh3 Ng8 19.Bxe6 fxe6 20.Rgd1 Bxg5 21.Qxg5 Nf6 22.Rd6 Qc5
23.Qd2 Rce8 24.Qe2 Re7 25.a3 a6 26.Na4 Qc7 27.Nb6 Rff7 28.Qe3 Ne8 29.Rd8 Qc6
30.c3 Nf6 31.Nc8 Rd7 32.Rd6 Rxd6 33.Nxd6 Rf8 34.Rxf8 Kxf8 35.Qh6+ Kg8 36.Qg5 Qxd6
37.Qxf6 b5 38.a4 bxa4 39.Kc2 a5 40.h4 a3 41.bxa3 a4 42.c4 Qb6 43.Qe7 Qb3+
44.Kd2 Qb2+ 45.Ke3 Qd4+ 46.Kf3 Qd3+ 47.Kf2 Qd2+ 48.Kg3 Qf4+ 49.Kh3 Qf3+ 50.Kh2 Qf7
51.Qd8+ Kg7 52.Kg2 Qf4 53.Qe7+ Kh6 54.c5 Qxe4+ 55.Kg3 Qd3+ 56.Kf2 Qc2+ 57.Ke1 Qc3+
58.Ke2 Qc2+ 59.Ke1 Qc3+ 60.Ke2 Qc2+ 61.Ke1 Qc3+ 62.Ke2 Qc2+  1/2-1/2

[Event "European Ind w 2012"]
[Site "Gaziantep TUR"]
[Date "2012.03.10"]
[Round "8"]
[White "Bodnaruk,A"]
[Black "Kursova,M"]
[Result "1/2-1/2"]
[WhiteElo "2412"]
[BlackElo "2328"]

1.e4 c5 2.Nf3 e6 3.Nc3 Nc6 4.d4 cxd4 5.Nxd4 Qc7 6.Be3 a6 7.Qd2 Nf6 8.O-O-O Be7
9.f3 O-O 10.g4 b5 11.g5 Nh5 12.Nxc6 dxc6 13.f4 b4 14.Ne2 Rd8 15.Qe1 Rxd1+
16.Qxd1 Bb7 17.Bh3 e5 18.Rf1 c5 19.Bg4 Rd8 20.Qe1 Nxf4 21.Nxf4 exf4 22.Bxf4 Qc6
23.Qf2 c4 24.Kb1 b3 25.axb3 cxb3 26.cxb3 Qxe4+ 27.Qc2 g6 28.Bh3 Bb4 29.Qxe4 Bxe4+
30.Kc1 Rd5 31.Rf2 Bd3 32.Bg2 Ra5 33.Kd1 Bc5 34.Rf3 Be4 35.Rg3 Ra1+ 36.Ke2 Bf5
37.Be5 Bb4 38.Bc3 a5 39.Kd2 Rg1 40.Bd5 Rxg3 41.hxg3 Kf8 42.Ke3 Bc5+ 43.Kf4 Bd6+
44.Kf3 Bb4 45.Bxb4+ axb4 46.Kf4 Ke7 47.Ke5 Bc2 48.Bc4 Bd1 49.Bd5 Bc2 50.Bc4 Bd1
51.Bd5 Bc2  1/2-1/2

[Event "European Ind w 2012"]
[Site "Gaziantep TUR"]
[Date "2012.03.10"]
[Round "8"]
[White "Pogonina,N"]
[Black "Bojkovic,N"]
[Result "1-0"]
[WhiteElo "2449"]
[BlackElo "2395"]

1.e4 c5 2.Nf3 e6 3.d4 cxd4 4.Nxd4 Nc6 5.Nc3 d6 6.Be2 Nf6 7.O-O Be7 8.Kh1 O-O
9.f4 Bd7 10.Be3 Nxd4 11.Bxd4 Bc6 12.Bd3 Nd7 13.Qe2 a6 14.a4 Qc7 15.Rae1 Rad8
16.Nd5 exd5 17.exd5 Bf6 18.Qe4 g6 19.dxc6 Qxc6 20.Bxf6 Nxf6 21.Qd4 Nh5 22.f5 Rde8
23.Be4 Qd7 24.Rd1 Qc7 25.c3 Re5 26.Bf3 Rxf5 27.g4 Rxf3 28.Rxf3 Ng7 29.Qxd6 Qc4
30.Qf4 Qb3 31.Rd2 Qe6 32.Re3 Qb6 33.Qd4 Qc7 34.h3 h5 35.Kg2 Qc6+ 36.Qe4 Qb6
37.Rf3 Ne6 38.Qb4 Qc6 39.Rd6 Qc8 40.gxh5 g5 41.h6 Rd8 42.Qb6 Re8 43.Qf2 Qc4
44.Rxf7 Qe4+ 45.Kg1 Nf4 46.Rxf4 gxf4 47.Qg2+ Qxg2+ 48.Kxg2 Re2+ 49.Kf3 Rxb2
50.Kxf4 Rc2 51.Rd3 b5 52.axb5 axb5 53.Ke4 Rb2 54.Kd4 Rb3 55.Re3 Kh7 56.Re6 b4
57.c4 Rxh3 58.c5 Rh4+ 59.Kd5  1-0

[Event "ch-CZE U20 2012"]
[Site "Kouty nad Desnou CZE"]
[Date "2012.03.10"]
[Round "2"]
[White "Seidl,S"]
[Black "Krejci,Jan2"]
[Result "0-1"]
[WhiteElo "2123"]
[BlackElo "2486"]

1.e4 c5 2.Nf3 e6 3.d4 cxd4 4.Nxd4 Nc6 5.Nc3 Qc7 6.Be2 a6 7.O-O Nf6 8.Kh1 Nxd4
9.Qxd4 Bc5 10.Qd3 b5 11.Bf3 Rb8 12.Bg5 Bb7 13.Rae1 d6 14.e5 dxe5 15.Bxb7 Rxb7
16.f4 Ng4 17.fxe5 Nf2+ 18.Rxf2 Bxf2 19.Rf1 Bc5 20.Ne4 Rb8 21.Rd1 h6 22.Bh4 Be7
23.Nd6+ Bxd6 24.exd6 Qd7 25.Be7 Qc6 26.Rf1 Rb7 27.Qg3 Rg8 28.Qf4 f5 29.Re1 Kf7
30.h4 Re8 31.h5 Rexe7 32.dxe7 Rxe7 33.c3 Kg8 34.Rd1 Rd7 35.Re1 Qd6 36.Qf3 Kf7
37.Rf1 Qd3 38.Qf2 a5 39.Re1 a4 40.Qb6 Qc4 41.Qf2 Qg4 42.Kg1 Rd1 43.Qa7+ Kg8
44.Qe3 f4 45.Qe4 Rxe1+ 46.Qxe1 f3 47.g3 Qh3 48.Kf2 Qg2+ 49.Ke3 Qxb2 50.Kxf3 Qxa2
51.g4 Qd5+ 52.Kg3 a3 53.Qe3 a2 54.Qa7 Qd3+ 55.Kh2 Qc2+  0-1

[Event "TCh-NED Meesterklasse 2011-12"]
[Site "Netherlands NED"]
[Date "2012.03.10"]
[Round "7.4"]
[White "Berelowitsch,A"]
[Black "Muhren,B"]
[Result "1-0"]
[WhiteElo "2563"]
[BlackElo "2307"]

1.e4 c5 2.Nf3 e6 3.Nc3 Nc6 4.d4 cxd4 5.Nxd4 Qc7 6.g3 a6 7.Bg2 Nf6 8.O-O Be7
9.Re1 d6 10.Nxc6 bxc6 11.e5 Nd7 12.Qg4 dxe5 13.Qxg7 Bf6 14.Qh6 Bb7 15.Ne4 Be7
16.Bg5 Bf8 17.Qh4 h6 18.Rad1 hxg5 19.Qxh8 O-O-O 20.Qh7 f6 21.Qf7 Nc5 22.Qxc7+ Kxc7
23.Rxd8 Kxd8 24.Nxf6  1-0

[Event "Reykjavik Open"]
[Site "Reykjavik ISL"]
[Date "2012.03.10"]
[Round "5.20"]
[White "Vuilleumier,A"]
[Black "Kristjansson,St"]
[Result "0-1"]
[WhiteElo "2350"]
[BlackElo "2500"]

1.e4 c5 2.Nf3 e6 3.d4 cxd4 4.Nxd4 Nc6 5.Nc3 Qc7 6.Be3 a6 7.Qd2 Nf6 8.O-O-O Bb4
9.f3 O-O 10.g4 b5 11.g5 Ne8 12.Qe1 Bb7 13.Nxc6 Qxc6 14.Nd5 exd5 15.Qxb4 Rc8
16.Bd3 Qe6 17.Rhf1 f5 18.e5 d4 19.Bxd4 Qxa2 20.c3 Nc7 21.Bc2 Bd5 22.Bc5 Rf7
23.Bd6 Ne6  0-1

[Event "European Ind w 2012"]
[Site "Gaziantep TUR"]
[Date "2012.03.11"]
[Round "9"]
[White "Repkova,E"]
[Black "Dworakowska,J"]
[Result "0-1"]
[WhiteElo "2416"]
[BlackElo "2304"]

1.e4 c5 2.Nf3 Nc6 3.d4 cxd4 4.Nxd4 e6 5.Nc3 Qc7 6.Be2 Nf6 7.O-O Be7 8.Be3 O-O
9.f4 d6 10.Ndb5 Qb8 11.a4 Re8 12.Qe1 a6 13.Na3 d5 14.exd5 exd5 15.Qf2 Bb4
16.Rfd1 d4 17.Rxd4 Nxd4 18.Bxd4 Bxc3 19.bxc3 Ne4 20.Qf3 Bd7 21.Nc4 Qd8 22.Bd3 Qe7
23.Nb6 Bc6 24.Nxa8 Rxa8 25.Qg4 Qf8 26.f5 Re8 27.Rf1 Nc5 28.Bc4 Nxa4 29.f6 g6
30.Qg5 Kh8 31.h4 Nb2 32.Bc5 h6 33.Bxf8 hxg5 34.Bg7+ Kg8 35.Bb3 Re2 36.Rf2 Rxf2
37.Kxf2 a5 38.Bh6 a4 39.Ba2 Nd1+ 40.Ke1 Nxc3 41.Bxg5 Nxa2 42.Bd2 Bxg2 43.Ke2 b5
44.c3 Kf8 45.Kd3 Ke8 46.Kd4 Bf1 47.Kc5 Kd7  0-1

[Event "ch-Moscow Final 2012"]
[Site "Moscow RUS"]
[Date "2012.03.11"]
[Round "2"]
[White "Aldokhin,I"]
[Black "Mozharov,M"]
[Result "0-1"]
[WhiteElo "2375"]
[BlackElo "2474"]

1.e4 c5 2.Nf3 e6 3.d4 cxd4 4.Nxd4 Nc6 5.Nc3 Qc7 6.Be3 Nf6 7.Be2 Be7 8.O-O O-O
9.f4 d6 10.Kh1 Nxd4 11.Qxd4 b6 12.Bf3 Bb7 13.Nb5 Qb8 14.c4 Rd8 15.Rad1 Bc6
16.Nc3 Qb7 17.b4 Qc7 18.Rc1 Bb7 19.Nb5 Qb8 20.Rfd1 Bc6 21.Qd3 a6 22.Nd4 Bb7
23.a4 Qc7 24.Nb3 Rab8 25.Qb1 Nd7 26.Qa2 Nf6 27.Qb1 Ba8 28.Nd4 Bf8 29.Rd2 Re8
30.Ne2 Rbc8 31.Rb2 Nd7 32.Ra2 Rb8 33.Qa1 g6 34.Rd2 a5 35.Nd4 axb4 36.Nb5 Qc6
37.e5 Qc8 38.Bxa8 Rxa8 39.exd6 Ra5 40.Qb2 Rxa4 41.Qb3 Ra5 42.Qxb4 Qc6 43.Bd4 Rc8
44.Bb2 Bg7 45.Rdc2 Bxb2 46.Qxb2 Qe4 47.Qd4 Qxd4 48.Nxd4 Rac5 49.g3 Kf8 50.Kg2 Nf6
51.Kf3 Ke8 52.Ke3 Kd7 53.Nb5 Nd5+ 54.Kd4 Nb4 55.Rb2 Rxb5 56.cxb5 Rxc1 57.Rxb4 Kxd6
58.Rb2 Rc5 59.h4 f6 60.Rb3 e5+ 61.fxe5+ fxe5+ 62.Ke4 h5 63.Rb1 Rc4+ 64.Kd3 Kd5
65.Rf1 Rg4  0-1

[Event "Reykjavik Open"]
[Site "Reykjavik ISL"]
[Date "2012.03.11"]
[Round "7.23"]
[White "Thomassen,J"]
[Black "Perez,Fl"]
[Result "0-1"]
[WhiteElo "2400"]
[BlackElo "2269"]

1.e4 c5 2.Nf3 e6 3.d4 cxd4 4.Nxd4 Nc6 5.Nc3 Qc7 6.Be2 a6 7.Be3 Nf6 8.a3 Be7
9.f4 d6 10.Qd2 O-O 11.O-O-O Nxd4 12.Qxd4 Nd7 13.g4 b5 14.g5 Bb7 15.f5 exf5
16.exf5 Bxh1 17.Rxh1 Rac8 18.f6 Nxf6 19.Bd3 Qc6 20.Rg1 Nd7 21.Nd5 Bd8 22.Nf6+ Bxf6
23.gxf6 g6 24.Qh4 Qf3 25.Bd4 Qxd3 26.c3 Nc5  0-1

[Event "European Ind w 2012"]
[Site "Gaziantep TUR"]
[Date "2012.03.12"]
[Round "10"]
[White "Dworakowska,J"]
[Black "Zawadzka,J"]
[Result "1-0"]
[WhiteElo "2304"]
[BlackElo "2358"]

1.e4 c5 2.Nf3 e6 3.d4 cxd4 4.Nxd4 Nc6 5.Nc3 Qc7 6.Be3 a6 7.Be2 Nf6 8.O-O Bb4
9.Na4 O-O 10.Nxc6 bxc6 11.Nb6 Rb8 12.Nxc8 Rfxc8 13.Bxa6 Rf8 14.Bd3 Bd6 15.g3 Be5
16.Kh1 Bxb2 17.Rb1 Qa5 18.f4 Qxa2 19.Bc5 Rfc8 20.Bd6 Ra8 21.Be5 Bxe5 22.fxe5 Ne8
23.Qf3 f6 24.exf6 gxf6 25.Rb4 c5 26.Rb7 Rd8 27.Qe2 Qa4 28.Qh5 Qd4 29.Rf4 Ng7
30.Qh6 Qe3 31.Kg2 Rac8 32.Bc4 Qd4 33.Rg4 f5 34.Bxe6+ Kf8 35.exf5 Qe5 36.f6 Qe2+
37.Kh3 Qxe6 38.Qxg7+ Ke8 39.f7+  1-0

[Event "Yerevan Armenia Spring 2012"]
[Site "Yerevan ARM"]
[Date "2012.03.12"]
[Round "3"]
[White "Mari Ooriad,P"]
[Black "Aghasaryan,R"]
[Result "0-1"]
[WhiteElo "2276"]
[BlackElo "2329"]

1.e4 c5 2.Nf3 e6 3.d4 cxd4 4.Nxd4 Nc6 5.Nc3 d6 6.Bc4 Nf6 7.Bb3 Be7 8.Be3 a6
9.Qe2 O-O 10.O-O-O Qc7 11.Rhg1 b5 12.g4 b4 13.Nxc6 Qxc6 14.Nd5 exd5 15.g5 dxe4
16.gxf6 Bxf6 17.Bd5 Qa4 18.Bd4 Bxd4 19.Rxd4 Be6 20.Bxa8 Qxa2 21.Kd2 Qxb2
22.Qxe4 Qc3+ 23.Ke2 Re8 24.Rd3 Qxc2+ 25.Kf3 h5 26.Kg3 h4+ 27.Kf3 Bd7 28.Qd5 Be6
29.Qd4 g6 30.Be4 Qc5 31.Qf6 Qh5+ 32.Kf4 Qc5 33.Rf3 Qc4 34.Rg5 d5 35.Rxg6+ fxg6
36.Qxg6+ Kf8 37.Qf6+ Bf7 38.Kg5 dxe4 39.Qh8+ Ke7 40.Qf6+ Kd7  0-1